The examination of arc welds in the shipyard : recommendations by the Admiralty Ship Welding Committee for the guidance of shipbuilders, designers, inspectors and foremen engaged in the fabrication of ships' structures by welding (Record no. 2975)

000 -LEADER
fixed length control field 00524nam a2200145Ia 4500
008 - FIXED-LENGTH DATA ELEMENTS--GENERAL INFORMATION
fixed length control field 200103s9999||||xx |||||||||||||| ||und||
082 ## - DEWEY DECIMAL CLASSIFICATION NUMBER
Classification number 623.8432
Item number HMS
100 ## - MAIN ENTRY--PERSONAL NAME
Personal name HMSO
245 #4 - TITLE STATEMENT
Title The examination of arc welds in the shipyard : recommendations by the Admiralty Ship Welding Committee for the guidance of shipbuilders, designers, inspectors and foremen engaged in the fabrication of ships' structures by welding
260 ## - PUBLICATION, DISTRIBUTION, ETC. (IMPRINT)
Name of publisher, distributor, etc HMSO
Date of publication, distribution, etc 1946
Place of publication, distribution, etc London
300 ## - PHYSICAL DESCRIPTION
Extent 29p.
650 ## - SUBJECT ADDED ENTRY--TOPICAL TERM
Topical term or geographic name as entry element Ships
650 ## - SUBJECT ADDED ENTRY--TOPICAL TERM
Topical term or geographic name as entry element Welding
942 ## - ADDED ENTRY ELEMENTS (KOHA)
Item type Books
Holdings
Withdrawn status Lost status Source of classification or shelving scheme Damaged status Not for loan Collection code Permanent location Current location Shelving location Date acquired Full call number Barcode Date last seen Koha item type Public note
          Non-fiction IMU-MPC Library IMU-MPC Library General Stacks 2020-01-08 623.8432 HMS MPC698 2025-03-17 Books Column-2
Copyright © 2021 Indian Maritime University, Mumbai Port Campus. All Rights Reserved. Managed & Maintained by Central Library, IMU-Mumbai

webs counters

Powered by Koha